书目信息 |
| 题名: |
高密度城市建成环境健康感知研究
|
|
| 作者: | 薛菲 , 栾博 , 苟中华 著 | |
| 分册: | ||
| 出版信息: | 北京 中国建筑工业出版社 2024.08 |
|
| 页数: | 217页 | |
| 开本: | 26cm | |
| 丛书名: | 应对气候变化的低碳韧性景观研究与实践丛书 | |
| 单 册: | ||
| 中图分类: | TU-856 | |
| 科图分类: | ||
| 主题词: | 城市环境--cheng shi huan jing--环境设计--研究 | |
| 电子资源: | ||
| ISBN: | 978-7-112-30218-5 | |
| 000 | 01906nam 2200301 450 | |
| 001 | 89268 | |
| 005 | 20250814100959.27 | |
| 010 | @a978-7-112-30218-5@dCNY89.00 | |
| 100 | @a20241104d2024 em y0chiy50 ea | |
| 101 | 0 | @achi |
| 102 | @aCN@b110000 | |
| 105 | @aak a 000yy | |
| 106 | @ar | |
| 200 | 1 | @a高密度城市建成环境健康感知研究@Agao mi du cheng shi jian cheng huan jing jian kang gan zhi yan jiu@f薛菲, 栾博, 苟中华著 |
| 210 | @a北京@c中国建筑工业出版社@d2024.08 | |
| 215 | @a217页@c图@d26cm | |
| 225 | 2 | @a应对气候变化的低碳韧性景观研究与实践丛书@Aying dui qi hou bian hua de di tan ren xing jing guan yan jiu yu shi jian cong shu |
| 314 | @a薛菲, 香港大学建筑学博士, 深圳市海外高层次人才, 建筑景观设计高级工程师, 美国LEED AP, 香港BEAMPro。现任深圳大学建筑与城市规划学院研究员, 长期从事绿色建筑与健康建成环境、韧性城市与低碳可持续发展等研究和规划实践工作。栾博, 北京大学环境科学博士, 教授级高级工程师, 深圳市高层次人才, 深圳市城市规划委员会委员。现任北京大学深圳研究院绿色基础设施研究所所长, 碳中和研究中心执行主任。担任中国风景园林学会应对气候变化委员会副秘书长, 住房和城乡建设部“十五五”全国园林绿化规划咨询专家。苟中华, 香港大学建筑学博士, 现任武汉大学城市设计学院教授, 研究方向包括绿色建筑设计与技术、建筑性能模拟、健康建筑与环境控制等。 | |
| 320 | @a有书目 (第203-217页) | |
| 330 | @a本书从气候变化和绿色低碳的视角出发, 聚焦中国香港和新加坡为代表的亚洲高密度城市, 应用绿色建筑、城乡规划、疗愈景观、环境心理学等领域的理论方法, 开展城市环境空间要素的健康感知评价研究, 为优化城市空间形态、提升环境热舒适性和使用者健康感知等方面提供了有益探索和策略建议。 | |
| 410 | 0 | @12001 @a应对气候变化的低碳韧性景观研究与实践丛书 |
| 606 | 0 | @a城市环境@Acheng shi huan jing@x环境设计@x研究 |
| 690 | @aTU-856@v5 | |
| 701 | 0 | @a薛菲@Axue fei@4著 |
| 701 | 0 | @a栾博@Aluan bo@4著 |
| 701 | 0 | @a苟中华@Agou zhong hua@4著 |
| 801 | 0 | @aCN@c20250909 |
| 905 | @a河南城建学院图书馆@dTU-856@eX947@f1 | |
| 高密度城市建成环境健康感知研究/薛菲, 栾博, 苟中华著.-北京:中国建筑工业出版社,2024.08 |
| 217页:图;26cm.-(应对气候变化的低碳韧性景观研究与实践丛书) |
| ISBN 978-7-112-30218-5:CNY89.00 |
| 本书从气候变化和绿色低碳的视角出发, 聚焦中国香港和新加坡为代表的亚洲高密度城市, 应用绿色建筑、城乡规划、疗愈景观、环境心理学等领域的理论方法, 开展城市环境空间要素的健康感知评价研究, 为优化城市空间形态、提升环境热舒适性和使用者健康感知等方面提供了有益探索和策略建议。 |
| ● |
| 相关链接 |
|
|
|
正题名:高密度城市建成环境健康感知研究
索取号:TU-856/X947
 
预约/预借
| 序号 | 登录号 | 条形码 | 馆藏地/架位号 | 状态 | 备注 |
| 1 | 1623230 | 216232306 | 建筑库101/101建筑库 19排1列2层/ [索取号:TU-856/X947] | 在馆 |